[Event "Oberliga Ost A 2018 2019"]
[Site "?"]
[Date "2018.11.10"]
[Round "2.5"]
[White "Biastoch, Bennet"]
[Black "Nake, Matthias"]
[Result "1-0"]
[WhiteElo "2158"]
[BlackElo "2200"]
[PlyCount "49"]
[EventDate "2018.10.21"]
[EventType "team-tourn"]
[EventCountry "GER"]
[WhiteTeam "Magdeburg SG Aufbau Elbe"]
[BlackTeam "Dresden SG Gruen Weiss"]
[WhiteTeamCountry "GER"]
[BlackTeamCountry "GER"]

1. e4 c5 2. Nf3 Nc6 3. d4 cxd4 4. Nxd4 g6 5. Nc3 Bg7 6. Be3 Nf6 7. Bc4 O-O 8.
Bb3 Re8 9. f3 e6 10. f4 e5 11. fxe5 Nxe5 12. O-O Nfg4 13. Bxf7+ Nxf7 14. Qxg4
d5 15. Qf4 Nd6 16. exd5 Be5 17. Qf2 Nc4 18. Bh6 Bd7 19. Rae1 Qb6 20. Qf7+ Kh8
21. Qxd7 Qxd4+ 22. Kh1 Nd6 23. Nb5 Qxd5 24. Nxd6 Qxd6 25. Bg7+ 1-0

[Event "Oberliga Ost A 2018 2019"]
[Site "?"]
[Date "2018.11.10"]
[Round "2.6"]
[White "Hutsch, Oliver"]
[Black "Woellermann, Jan"]
[Result "0-1"]
[WhiteElo "2135"]
[BlackElo "2347"]
[PlyCount "54"]
[EventDate "2018.10.21"]
[EventType "team-tourn"]
[EventCountry "GER"]
[WhiteTeam "Dresden SG Gruen Weiss"]
[BlackTeam "Magdeburg SG Aufbau Elbe"]
[WhiteTeamCountry "GER"]
[BlackTeamCountry "GER"]

1. d4 Nf6 2. Nf3 d5 3. g3 e6 4. Bg2 b5 5. O-O Be7 6. Ne5 O-O 7. Nd2 c5 8. dxc5
Bxc5 9. Nd3 Be7 10. e4 Bb7 11. e5 Nfd7 12. Nb3 Nc6 13. Qe2 a5 14. a4 Ba6 15. f4
bxa4 16. Rxa4 Bb5 17. Ra2 Bxd3 18. cxd3 Qb6+ 19. Be3 Qxb3 20. Raa1 Rab8 21.
Rac1 Rfc8 22. Rc3 Qxb2 23. Qxb2 Rxb2 24. Rfc1 Ndb8 25. f5 Bb4 26. fxe6 Rxg2+
27. Kxg2 Bxc3 0-1

[Event "Oberliga Ost A 2018 2019"]
[Site "?"]
[Date "2018.11.10"]
[Round "2.7"]
[White "Merkert, Maximilian"]
[Black "Butscher, Daniel"]
[Result "1-0"]
[WhiteElo "2253"]
[BlackElo "2188"]
[PlyCount "123"]
[EventDate "2018.10.21"]
[EventType "team-tourn"]
[EventCountry "GER"]
[WhiteTeam "Magdeburg SG Aufbau Elbe"]
[BlackTeam "Dresden SG Gruen Weiss"]
[WhiteTeamCountry "GER"]
[BlackTeamCountry "GER"]

1. c4 Nf6 2. g3 e6 3. Bg2 d5 4. Nf3 Be7 5. O-O O-O 6. b3 c5 7. e3 Nc6 8. Bb2 b6
9. Nc3 Qc7 10. Qe2 Rd8 11. Rfd1 Bb7 12. cxd5 exd5 13. d4 Rac8 14. Bh3 Ra8 15.
Rac1 Ne4 16. Nxe4 dxe4 17. Nd2 Nb4 18. Ba3 Nd3 19. Rc2 Qc6 20. Bf5 Qe8 21. Bxe4
Bxe4 22. Nxe4 cxd4 23. Rxd3 Bxa3 24. exd4 Rac8 25. Rxc8 Rxc8 26. Qf3 h6 27. Kg2
Rd8 28. h4 Qe6 29. d5 Qe5 30. Nd2 b5 31. Nf1 Bc5 32. a4 a6 33. axb5 axb5 34.
Nd2 f5 35. Nb1 Bd4 36. Na3 g5 37. Nc2 g4 38. Qd1 Qe4+ 39. Kg1 Bc5 40. d6 Qe5
41. Ne3 Rxd6 42. Rxd6 Bxd6 43. Qd3 h5 44. Nxf5 Bc5 45. Kg2 Kf7 46. Ne3 Bxe3 47.
fxe3 Ke6 48. e4 Qb2+ 49. Kf1 Qc1+ 50. Ke2 Qb2+ 51. Ke3 Qc1+ 52. Kd4 Qg1+ 53.
Qe3 Qa1+ 54. Kd3 Qd1+ 55. Kc3 Qa1+ 56. Kb4 Qe5 57. Qd3 Ke7 58. Ka5 Ke6 59. b4
Ke7 60. Kb6 Kf8 61. Qd8+ Kg7 62. Qc7+ 1-0

[Event "Oberliga Ost A 2018 2019"]
[Site "?"]
[Date "2018.11.10"]
[Round "2.8"]
[White "Rensch, Toralf"]
[Black "Lopez Rojas, Jeffrey"]
[Result "0-1"]
[WhiteElo "2098"]
[BlackElo "2194"]
[PlyCount "120"]
[EventDate "2018.10.21"]
[EventType "team-tourn"]
[EventCountry "GER"]
[WhiteTeam "Dresden SG Gruen Weiss"]
[BlackTeam "Magdeburg SG Aufbau Elbe"]
[WhiteTeamCountry "GER"]
[BlackTeamCountry "GER"]

1. e4 g6 2. Nc3 Bg7 3. d4 d6 4. Bg5 Nd7 5. Nf3 h6 6. Be3 a6 7. h3 e6 8. Qd2 b5
9. Be2 Ne7 10. O-O Bb7 11. a3 f5 12. exf5 Nxf5 13. Rad1 O-O 14. Bf4 g5 15. Bh2
Nb6 16. Rfe1 Qd7 17. Na2 Rae8 18. c3 Qf7 19. Nc1 Nh4 20. Nxh4 Qxf2+ 21. Kh1
Qxh4 22. Qe3 Nd5 23. Qd3 Nf4 24. Bxf4 Rxf4 25. Rf1 Rf2 26. Rxf2 Qxf2 27. Rg1
Rf8 28. Qg6 Qf7 29. Qxf7+ Kxf7 30. Bg4 Bd5 31. Nd3 a5 32. Re1 Rh8 33. Bh5+ Ke7
34. Kg1 Rf8 35. Bg4 Kd7 36. Re3 Bf6 37. Re1 Bd8 38. b4 c6 39. bxa5 Bxa5 40. Nb4
Bxb4 41. axb4 Ra8 42. Re3 Ra2 43. g3 Ke7 44. Kf1 Kf6 45. Be2 e5 46. dxe5+ dxe5
47. Ke1 e4 48. h4 Kf5 49. hxg5 Kxg5 50. Bd1 Rh2 51. Be2 Kf5 52. Kd1 Bb3+ 53.
Ke1 h5 54. Kf1 Bc4 55. Bxc4 bxc4 56. Ke1 Rc2 57. Kf1 Rd2 58. Ke1 Rd3 59. Ke2
Rxe3+ 60. Kxe3 Kg4 0-1

[Event "Oberliga Ost A 2018 2019"]
[Site "?"]
[Date "2018.11.10"]
[Round "2.1"]
[White "Hollan, Martin"]
[Black "Wegener, Dirk"]
[Result "1-0"]
[WhiteElo "2333"]
[BlackElo "2402"]
[PlyCount "95"]
[EventDate "2018.10.21"]
[EventType "team-tourn"]
[EventCountry "GER"]
[WhiteTeam "Magdeburg SV Rochade"]
[BlackTeam "Dresden USV TU II"]
[WhiteTeamCountry "GER"]
[BlackTeamCountry "GER"]

1. Nf3 Nf6 2. c4 c6 3. Nc3 d5 4. e3 g6 5. d4 Bg7 6. Bd3 O-O 7. O-O Bg4 8. h3
Bxf3 9. Qxf3 Na6 10. Rd1 Qd7 11. cxd5 cxd5 12. Bxa6 bxa6 13. Bd2 Rfc8 14. Qe2
Rc6 15. Qd3 Rac8 16. Rac1 h5 17. b3 g5 18. Qb1 g4 19. h4 g3 20. f3 Ne8 21. Ne2
Bh6 22. Nxg3 Ng7 23. Qd3 Rxc1 24. Rxc1 Rxc1+ 25. Bxc1 Qc7 26. Ne2 e6 27. Bd2
Qe7 28. g3 Qa3 29. Qc2 Nf5 30. e4 dxe4 31. fxe4 Bxd2 32. Qxd2 Ne7 33. Nf4 Qd6
34. e5 Qb6 35. Nxh5 Nf5 36. Nf6+ Kh8 37. g4 Qxd4+ 38. Qxd4 Nxd4 39. Kf2 Nc6 40.
Nd7 Nb4 41. a4 Nc2 42. Nc5 a5 43. Ke2 Kg7 44. Kd3 Ne1+ 45. Ke4 Kh6 46. Nb7 Ng2
47. Nxa5 Nxh4 48. Nc6 1-0

[Event "Oberliga Ost A 2018 2019"]
[Site "?"]
[Date "2018.11.10"]
[Round "2.2"]
[White "Osmanodja, Filiz"]
[Black "Mikes, Jan"]
[Result "1-0"]
[WhiteElo "2325"]
[BlackElo "2298"]
[PlyCount "65"]
[EventDate "2018.10.21"]
[EventType "team-tourn"]
[EventCountry "GER"]
[WhiteTeam "Dresden USV TU II"]
[BlackTeam "Magdeburg SV Rochade"]
[WhiteTeamCountry "GER"]
[BlackTeamCountry "GER"]

1. e4 c5 2. Nc3 d6 3. Nf3 Nf6 4. d4 cxd4 5. Nxd4 a6 6. Be3 e5 7. Nf3 Qc7 8. a4
h6 9. a5 Be6 10. Be2 Nbd7 11. O-O Be7 12. Nd5 Bxd5 13. exd5 O-O 14. c4 Ne8 15.
Nd2 f5 16. f3 Qd8 17. b4 Bg5 18. Bf2 Qe7 19. Re1 g6 20. Nb3 e4 21. Bd4 Ne5 22.
c5 e3 23. Rc1 f4 24. Qc2 Rf5 25. c6 Bh4 26. Rf1 Bg3 27. hxg3 fxg3 28. Bxe5 dxe5
29. Qc4 Nd6 30. Qg4 Rf6 31. Nc5 bxc6 32. dxc6 Nf5 33. Ne4 1-0

[Event "Oberliga Ost A 2018 2019"]
[Site "?"]
[Date "2018.11.10"]
[Round "2.3"]
[White "Mueller, Dominik"]
[Black "Wong, Gengchun"]
[Result "1-0"]
[WhiteElo "2268"]
[BlackElo "2158"]
[PlyCount "65"]
[EventDate "2018.10.21"]
[EventType "team-tourn"]
[EventCountry "GER"]
[WhiteTeam "Magdeburg SV Rochade"]
[BlackTeam "Dresden USV TU II"]
[WhiteTeamCountry "GER"]
[BlackTeamCountry "GER"]

1. d4 Nf6 2. c4 g6 3. Nc3 d5 4. cxd5 Nxd5 5. e4 Nxc3 6. bxc3 Bg7 7. Bb5+ c6 8.
Ba4 O-O 9. Ne2 c5 10. O-O Nc6 11. Be3 Qc7 12. Bxc6 Qxc6 13. d5 Qb5 14. c4 Qxc4
15. Rc1 Qxe4 16. Ng3 Qe5 17. Bxc5 Rd8 18. Qa4 Bf8 19. Rfe1 Qf6 20. d6 e5 21.
Bb6 Rxd6 22. Ne4 Qh4 23. g3 Qg4 24. h3 Qe6 25. Nxd6 Bxd6 26. Bc7 Bd7 27. Qc4
Qxc4 28. Rxc4 Be6 29. Rcc1 Ba3 30. Rcd1 Bb4 31. Rxe5 Bxa2 32. Rb5 a5 33. Ra1
1-0

[Event "Oberliga Ost A 2018 2019"]
[Site "?"]
[Date "2018.11.10"]
[Round "2.4"]
[White "Salzmann, Peter"]
[Black "Kuchynka, Lukas"]
[Result "1/2-1/2"]
[WhiteElo "2172"]
[BlackElo "2296"]
[PlyCount "81"]
[EventDate "2018.10.21"]
[EventType "team-tourn"]
[EventCountry "GER"]
[WhiteTeam "Dresden USV TU II"]
[BlackTeam "Magdeburg SV Rochade"]
[WhiteTeamCountry "GER"]
[BlackTeamCountry "GER"]

1. c4 Nf6 2. Nc3 g6 3. g3 Bg7 4. Bg2 O-O 5. d3 d6 6. Bd2 Nc6 7. Qc1 Nd4 8. e3
Nf5 9. Nge2 e5 10. e4 Nd4 11. Nxd4 exd4 12. Ne2 Re8 13. Bg5 c6 14. O-O d5 15.
cxd5 cxd5 16. Nxd4 Qb6 17. Be3 Ng4 18. Nf5 Nxe3 19. Nxg7 Kxg7 20. fxe3 dxe4 21.
d4 f5 22. Qc3 Bd7 23. Rfc1 Rac8 24. Qa3 Kh6 25. Bf1 Bb5 26. Qb4 Bxf1 27. Qxb6
axb6 28. Kxf1 Kg5 29. Kg2 h5 30. h4+ Kg4 31. Rc3 Rxc3 32. bxc3 Rc8 33. Rc1 b5
34. Rc2 Rc7 35. Rf2 g5 36. hxg5 Kxg5 37. Rc2 Rc8 38. Kh3 Rc4 39. a3 Rc8 40. Rc1
Rc4 41. Rc2 1/2-1/2

[Event "Oberliga Ost A 2018 2019"]
[Site "?"]
[Date "2018.11.10"]
[Round "2.5"]
[White "Niering, Martin"]
[Black "Oehl, Tim"]
[Result "1/2-1/2"]
[WhiteElo "2186"]
[BlackElo "2147"]
[PlyCount "149"]
[EventDate "2018.10.21"]
[EventType "team-tourn"]
[EventCountry "GER"]
[WhiteTeam "Magdeburg SV Rochade"]
[BlackTeam "Dresden USV TU II"]
[WhiteTeamCountry "GER"]
[BlackTeamCountry "GER"]

1. e4 e6 2. d4 d5 3. Nc3 Bb4 4. e5 Ne7 5. a3 Bxc3+ 6. bxc3 c5 7. a4 Qa5 8. Bd2
Nbc6 9. Nf3 Bd7 10. Bb5 a6 11. Be2 c4 12. O-O O-O 13. Qb1 Rab8 14. Qb2 f6 15.
exf6 Rxf6 16. Rfb1 Be8 17. Bg5 Rf7 18. Bf1 h6 19. Bxe7 Rxe7 20. Qa3 Qc7 21. Re1
Bg6 22. Ne5 Bxc2 23. f3 Rbe8 24. g3 Bf5 25. Bg2 b5 26. Nxc6 Qxc6 27. axb5 axb5
28. Re5 Rb7 29. Qb4 Rf8 30. g4 Bd3 31. Rae1 Rf6 32. f4 Rbf7 33. f5 Be4 34. Bxe4
dxe4 35. Qxb5 Qxb5 36. Rxb5 exf5 37. Rxf5 Rxf5 38. gxf5 Rxf5 39. Rxe4 Rf3 40.
Re5 Rxc3 41. Rc5 Kf7 42. Rc6 Ke7 43. Kg2 h5 44. h4 Kd7 45. d5 Ke7 46. Kh2 Rc1
47. Kg2 c3 48. Kh2 c2 49. Kg2 Kd7 50. Kh2 Ke8 51. Kg2 Kf7 52. Kh2 Rd1 53. Rxc2
Rxd5 54. Rc6 Rd4 55. Kh3 Re4 56. Ra6 Re6 57. Ra5 g6 58. Ra3 Re4 59. Ra6 Re6 60.
Ra3 Kf6 61. Rf3+ Ke5 62. Rf1 Rd6 63. Re1+ Kf4 64. Rf1+ Ke3 65. Kg3 Rd4 66. Re1+
Kd2 67. Re6 Rg4+ 68. Kh3 Kd3 69. Ra6 Ke2 70. Ra2+ Kf1 71. Ra1+ Kf2 72. Ra2+ Kf3
73. Ra3+ Kf4 74. Ra4+ Kf3 75. Ra3+ 1/2-1/2

[Event "Oberliga Ost A 2018 2019"]
[Site "?"]
[Date "2018.11.10"]
[Round "2.6"]
[White "Richter, Philipp"]
[Black "Stolz, Mike"]
[Result "1-0"]
[WhiteElo "2048"]
[BlackElo "2305"]
[PlyCount "77"]
[EventDate "2018.10.21"]
[EventType "team-tourn"]
[EventCountry "GER"]
[WhiteTeam "Dresden USV TU II"]
[BlackTeam "Magdeburg SV Rochade"]
[WhiteTeamCountry "GER"]
[BlackTeamCountry "GER"]

1. d4 Nf6 2. c4 g6 3. Nc3 Bg7 4. e4 d6 5. Be2 O-O 6. Bg5 Nbd7 7. Qd2 e5 8. d5
a5 9. h4 Nc5 10. f3 h5 11. O-O-O Qe8 12. Nh3 Nh7 13. Be3 Qe7 14. g4 f6 15. gxh5
gxh5 16. Rdg1 Kh8 17. f4 f5 18. fxe5 dxe5 19. Rxg7 Kxg7 20. Bh6+ Kh8 21. Bxf8
Qxf8 22. Bxh5 Ra6 23. Ng5 Rf6 24. Bf3 fxe4 25. Bxe4 Nxe4 26. Ngxe4 Rf1+ 27.
Rxf1 Qxf1+ 28. Kc2 Bf5 29. Kb3 Qh3 30. Qe1 Qd3 31. Ng3 Bd7 32. Qxe5+ Kg8 33.
Qxc7 Nf6 34. Nh5 Nxh5 35. Qd8+ Kf7 36. Qxd7+ Kg6 37. Qe8+ Kh6 38. Qe6+ Kh7 39.
Qe4+ 1-0

[Event "Oberliga Ost A 2018 2019"]
[Site "?"]
[Date "2018.11.10"]
[Round "2.7"]
[White "Waechter, Nathalie"]
[Black "Ledfuss, Guntram"]
[Result "1-0"]
[WhiteElo "2052"]
[BlackElo "2015"]
[PlyCount "87"]
[EventDate "2018.10.21"]
[EventType "team-tourn"]
[EventCountry "GER"]
[WhiteTeam "Magdeburg SV Rochade"]
[BlackTeam "Dresden USV TU II"]
[WhiteTeamCountry "GER"]
[BlackTeamCountry "GER"]

1. d4 Nf6 2. c4 g6 3. Nc3 Bg7 4. e4 d6 5. Be2 O-O 6. Nf3 e5 7. d5 Na6 8. Be3
Ng4 9. Bg5 f6 10. Bh4 h5 11. Nd2 Nh6 12. f3 Nf7 13. Rb1 c5 14. a3 Bh6 15. Bf2
f5 16. b4 Qg5 17. h4 Qe7 18. bxc5 Nxc5 19. Nb3 b6 20. Nxc5 bxc5 21. Rb2 Qc7 22.
O-O f4 23. Qa4 g5 24. Qc6 Qxc6 25. dxc6 g4 26. Rfb1 g3 27. Be1 Nd8 28. Nb5 Rf7
29. Nxd6 Nxc6 30. Nxf7 Kxf7 31. Bc3 Bf8 32. Rd2 Ke6 33. Bd1 Bd6 34. Ba4 Nd4 35.
Bxd4 cxd4 36. Bc6 Rb8 37. Rxb8 Bxb8 38. Rb2 Bc7 39. Bd5+ Kd6 40. c5+ Kxc5 41.
Rc2+ Kd6 42. Rc6+ Kd7 43. Rh6 Bb6 44. Be6+ 1-0

[Event "Oberliga Ost A 2018 2019"]
[Site "?"]
[Date "2018.11.10"]
[Round "2.8"]
[White "Schmalhofer, Adam"]
[Black "Hoffmann, Uwe"]
[Result "0-1"]
[WhiteElo "2103"]
[BlackElo "2104"]
[PlyCount "160"]
[EventDate "2018.10.21"]
[EventType "team-tourn"]
[EventCountry "GER"]
[WhiteTeam "Dresden USV TU II"]
[BlackTeam "Magdeburg SV Rochade"]
[WhiteTeamCountry "GER"]
[BlackTeamCountry "GER"]

1. d4 d5 2. c4 e6 3. Nc3 Nf6 4. Bg5 c5 5. e3 dxc4 6. Nf3 a6 7. Bxc4 b5 8. Bb3
Be7 9. dxc5 O-O 10. Qc2 Bb7 11. O-O Qc7 12. e4 Nbd7 13. Rac1 Qxc5 14. Qb1 Qb4
15. Rfd1 Rfe8 16. Rd4 Qa5 17. e5 b4 18. Bxf6 Nxf6 19. exf6 Bxf6 20. Ne4 Bxd4
21. Nxd4 Qe5 22. Nc6 Bxc6 23. Rxc6 Rac8 24. Rc4 a5 25. g3 h6 26. Qc2 Rxc4 27.
Qxc4 Qxb2 28. Nd6 Rf8 29. Nxf7 Rxf7 30. Qc8+ Kh7 31. Bc2+ g6 32. Qxe6 Qf6 33.
Qe3 Re7 34. Qc5 Qe5 35. Qb6 Rg7 36. Bb3 Qc7 37. Qe6 Qa7 38. Qe8 Qc7 39. h4 h5
40. Qa8 Qb6 41. Qe8 Qb7 42. Kh2 Qf3 43. Kg1 a4 44. Bxa4 Rc7 45. Qe3 Qxe3 46.
fxe3 Rf7 47. Kg2 Rf6 48. Bb3 Kg7 49. Bd5 Kf8 50. e4 Ke7 51. g4 Rf4 52. gxh5
gxh5 53. Kg3 Rg4+ 54. Kh3 Kf6 55. Bc6 Ke5 56. Be8 Rxe4 57. Bxh5 Kf4 58. Bf7
Re3+ 59. Kg2 Kg4 60. h5 Re7 61. Bg6 Re2+ 62. Kf1 Rxa2 63. Ke1 Kg5 64. Kd1 Rh2
65. Kc1 Kf4 66. Bc2 Rxh5 67. Kb2 Rh3 68. Bb3 Ke5 69. Bf7 Kd4 70. Be6 Re3 71.
Bf7 Kc5 72. Bg8 Kb5 73. Bb3 Re2+ 74. Kb1 Kc5 75. Bf7 Kd4 76. Ka1 Kc3 77. Bg8 b3
78. Bh7 b2+ 79. Ka2 Re7 80. Bg6 Ra7+ 0-1

[Event "Oberliga Ost A 2018 2019"]
[Site "?"]
[Date "2018.11.10"]
[Round "2.1"]
[White "Bures, Jaroslav"]
[Black "Pallas, Sebastian"]
[Result "0-1"]
[WhiteElo "2395"]
[BlackElo "2270"]
[PlyCount "110"]
[EventDate "2018.10.21"]
[EventType "team-tourn"]
[EventCountry "GER"]
[WhiteTeam "Hoyerswerda FVS ASP"]
[BlackTeam "Loeberitz SG"]
[WhiteTeamCountry "GER"]
[BlackTeamCountry "GER"]

1. d4 Nf6 2. c4 g6 3. f3 d5 4. cxd5 Nxd5 5. e4 Nb6 6. Nc3 Bg7 7. Be3 O-O 8. Qd2
Nc6 9. O-O-O f5 10. e5 Nb4 11. Nh3 Be6 12. Kb1 Qd7 13. Nf4 Rfd8 14. a3 a5 15.
d5 N4xd5 16. Ncxd5 Nxd5 17. Bc4 c6 18. Bb6 Re8 19. Nxe6 Qxe6 20. f4 g5 21. fxg5
Qxe5 22. Rhe1 Qd6 23. Bxd5+ cxd5 24. Qxd5+ Qxd5 25. Rxd5 e6 26. Rd7 e5 27. h4
Re6 28. Rxb7 f4 29. Re4 h6 30. gxh6 Rxh6 31. Bc7 Re8 32. Bxa5 Rxh4 33. Rd7 Rg4
34. Rd2 Kf7 35. Bc3 Ke6 36. Ree2 Ra8 37. Kc2 Bf6 38. Kd1 Rg3 39. Bb4 Ra6 40.
Rc2 Kf5 41. Rc5 Rd6+ 42. Bd2 Re3 43. Rf2 Bh4 44. Rf1 Kg4 45. Kc1 Re2 46. Bc3
Re6 47. Kd1 Rxg2 48. Rxe5 Rxe5 49. Bxe5 f3 50. a4 Re2 51. Rg1+ Kf5 52. Bc3 Re4
53. Rg8 f2 54. Rf8+ Kg4 55. a5 Re1+ 0-1

[Event "Oberliga Ost A 2018 2019"]
[Site "?"]
[Date "2018.11.10"]
[Round "2.2"]
[White "Reizniece Ozola, Dana"]
[Black "Spivak, Ilya"]
[Result "1-0"]
[WhiteElo "2312"]
[BlackElo "2324"]
[PlyCount "169"]
[EventDate "2018.10.21"]
[EventType "team-tourn"]
[EventCountry "GER"]
[WhiteTeam "Loeberitz SG"]
[BlackTeam "Hoyerswerda FVS ASP"]
[WhiteTeamCountry "GER"]
[BlackTeamCountry "GER"]

1. c4 e5 2. g3 Nf6 3. Bg2 d5 4. cxd5 Nxd5 5. Nc3 Nb6 6. e3 Nc6 7. Nge2 h5 8. d4
h4 9. d5 Ne7 10. e4 hxg3 11. hxg3 Rxh1+ 12. Bxh1 Ng8 13. Be3 Nf6 14. f3 Bd7 15.
Qd3 Bd6 16. Bg2 Qe7 17. O-O-O O-O-O 18. Nb5 Bc5 19. Bg5 Kb8 20. f4 Bxb5 21.
Qxb5 Be3+ 22. Kb1 Rh8 23. d6 cxd6 24. fxe5 a6 25. exf6 axb5 26. fxg7 Qe5 27.
gxh8=Q+ Qxh8 28. Bxe3 Nc4 29. Bd4 Qh5 30. Re1 Qh2 31. Rg1 Qh5 32. Nf4 Qg4 33.
Bf2 Qg7 34. Nd3 Qf6 35. Kc2 Qh6 36. Nf4 Qh8 37. Rb1 Qc8 38. Kd1 Qg4+ 39. Ke1
Ne5 40. Rd1 Nf3+ 41. Bxf3 Qxf3 42. Rd4 Qh1+ 43. Kd2 Qb1 44. Nd3 Qxa2 45. Rxd6
Qa5+ 46. Ke2 Qc7 47. e5 Qc2+ 48. Ke1 b6 49. Bxb6 b4 50. Be3 b3 51. Bd2 Qb1+ 52.
Ke2 Qg1 53. Bf4 Qg2+ 54. Ke3 Qg1+ 55. Ke4 Qh1+ 56. Kd4 Kc7 57. Kc4 Qd1 58. Nb4
Qf3 59. Rd3 Qe4+ 60. Kxb3 Kb6 61. Be3+ Kb7 62. Bd4 Qe2 63. Kc4 Qg4 64. Nd5 Qe2
65. Nf4 Qc2+ 66. Bc3 Kc6 67. Rd6+ Kb7 68. Rf6 Qa4+ 69. Kc5 Qd7 70. Rb6+ Ka7 71.
Bd4 Qc8+ 72. Kd5 Ka8 73. Bc5 Qd7+ 74. Bd6 Qg4 75. Kc6 Qc8+ 76. Bc7 Qe8+ 77. Kd6
Qf8+ 78. Kd7 Ka7 79. Rb3 Ka6 80. Bd6 Qg8 81. Nd5 Qg4+ 82. Kd8 Qc4 83. Rb6+ Ka5
84. Bc7 Qe2 85. Nc3 1-0

[Event "Oberliga Ost A 2018 2019"]
[Site "?"]
[Date "2018.11.10"]
[Round "2.3"]
[White "Orsag, Milan"]
[Black "Niegsch, Nicolas"]
[Result "0-1"]
[WhiteElo "2303"]
[BlackElo "2213"]
[PlyCount "58"]
[EventDate "2018.10.21"]
[EventType "team-tourn"]
[EventCountry "GER"]
[WhiteTeam "Hoyerswerda FVS ASP"]
[BlackTeam "Loeberitz SG"]
[WhiteTeamCountry "GER"]
[BlackTeamCountry "GER"]

1. d4 Nf6 2. c4 g6 3. Nc3 Bg7 4. e4 d6 5. f3 O-O 6. Be3 Nbd7 7. Qd2 e5 8. Nge2
a6 9. O-O-O c6 10. Kb1 b5 11. c5 b4 12. Na4 Qa5 13. b3 d5 14. Bh6 Bxh6 15. Qxh6
dxe4 16. dxe5 Nxe5 17. Nd4 Nd5 18. Nxc6 Nxc6 19. Rxd5 Be6 20. Rd6 Rfd8 21. Rxc6
Rd1+ 22. Kc2 Qd8 23. Qe3 Ra1 24. Nb2 Qf6 25. Rd6 Rc8 26. Qd4 Qg5 27. Qd2 e3 28.
Qd4 Rxc5+ 29. Bc4 Bf5+ 0-1

[Event "Oberliga Ost A 2018 2019"]
[Site "?"]
[Date "2018.11.10"]
[Round "2.4"]
[White "Schuetze, Norman"]
[Black "Kesik, Klaus Dieter"]
[Result "1-0"]
[WhiteElo "2267"]
[BlackElo "2191"]
[PlyCount "73"]
[EventDate "2018.10.21"]
[EventType "team-tourn"]
[EventCountry "GER"]
[WhiteTeam "Loeberitz SG"]
[BlackTeam "Hoyerswerda FVS ASP"]
[WhiteTeamCountry "GER"]
[BlackTeamCountry "GER"]

1. e4 e6 2. d4 d5 3. Nc3 h6 4. Bd3 Nf6 5. e5 Nfd7 6. Nce2 c5 7. c3 Nc6 8. Nf3
Be7 9. O-O b6 10. a3 c4 11. Bc2 Bb7 12. Nf4 Nf8 13. Ne1 Qc7 14. Be3 O-O-O 15.
Qg4 Nh7 16. Nxd5 Rxd5 17. Qxg7 Qd8 18. Bxh7 Rd7 19. Bc2 Bg5 20. Bxg5 hxg5 21.
Qf6 Qxf6 22. exf6 Rdd8 23. Be4 Kc7 24. f4 gxf4 25. Rxf4 e5 26. dxe5 Nxe5 27.
Nf3 Nxf3+ 28. Bxf3 Bxf3 29. Rxf3 Rd2 30. Rf2 Rxf2 31. Kxf2 Rh6 32. Rf1 Kd6 33.
Kg1 Ke5 34. g3 Ke4 35. Kg2 Ke3 36. g4 Ke4 37. Kg3 1-0

[Event "Oberliga Ost A 2018 2019"]
[Site "?"]
[Date "2018.11.10"]
[Round "2.5"]
[White "Jahnel, Guenther"]
[Black "Schindler, Christian"]
[Result "1-0"]
[WhiteElo "2207"]
[BlackElo "2193"]
[PlyCount "85"]
[EventDate "2018.10.21"]
[EventType "team-tourn"]
[EventCountry "GER"]
[WhiteTeam "Hoyerswerda FVS ASP"]
[BlackTeam "Loeberitz SG"]
[WhiteTeamCountry "GER"]
[BlackTeamCountry "GER"]

1. d4 c5 2. d5 Nf6 3. c4 b5 4. cxb5 a6 5. b6 d6 6. Nc3 g6 7. Nf3 Qxb6 8. e4
Nbd7 9. Be2 Bg7 10. Nd2 O-O 11. Nc4 Qc7 12. Bf4 a5 13. O-O Ba6 14. Na3 Rfb8 15.
Bxa6 Rxa6 16. Qe2 Raa8 17. Nab5 Qb7 18. a4 Ne8 19. h4 Nc7 20. Nxc7 Qxc7 21. Nb5
Qb7 22. Rac1 Nb6 23. b3 Rd8 24. h5 Nd7 25. Bd2 Nf6 26. hxg6 hxg6 27. Rc3 Ne8
28. Rh3 Nc7 29. Nxc7 Qxc7 30. Qg4 Kf8 31. f4 Qc8 32. f5 Ke8 33. Rh7 Bd4+ 34.
Kh2 Be5+ 35. Bf4 gxf5 36. Qg8+ Kd7 37. Qxf7 Bxf4+ 38. Rxf4 Re8 39. exf5 Kc7 40.
Re4 Kb6 41. Rxe7 Rxe7 42. Qxe7 Qxf5 43. Qb7# 1-0

[Event "Oberliga Ost A 2018 2019"]
[Site "?"]
[Date "2018.11.10"]
[Round "2.6"]
[White "Otikova, Elina"]
[Black "Boehm, Robert"]
[Result "1/2-1/2"]
[WhiteElo "2081"]
[BlackElo "2159"]
[PlyCount "61"]
[EventDate "2018.10.21"]
[EventType "team-tourn"]
[EventCountry "GER"]
[WhiteTeam "Loeberitz SG"]
[BlackTeam "Hoyerswerda FVS ASP"]
[WhiteTeamCountry "GER"]
[BlackTeamCountry "GER"]

1. e4 c5 2. Nf3 Nc6 3. d4 cxd4 4. Nxd4 Nf6 5. Nc3 e5 6. Ndb5 d6 7. Bg5 a6 8.
Na3 b5 9. Nd5 Be7 10. Bxf6 Bxf6 11. c3 Bg5 12. Nc2 O-O 13. h4 Bh6 14. g3 Be6
15. Nce3 Ne7 16. Nxe7+ Qxe7 17. Ng4 Bxg4 18. Qxg4 Rab8 19. Rd1 Rb6 20. Be2 Qe6
21. b3 Qxg4 22. Bxg4 Rc6 23. O-O Rd8 24. Rd3 Kf8 25. Rfd1 Ke7 26. Be2 g6 27.
Bg4 Bf8 28. Bh3 Bh6 29. Bg4 Bf8 30. Bh3 Bh6 31. Bg4 1/2-1/2

[Event "Oberliga Ost A 2018 2019"]
[Site "?"]
[Date "2018.11.10"]
[Round "2.7"]
[White "Grohmann, Alexander"]
[Black "Mertens, Fridolin"]
[Result "1/2-1/2"]
[WhiteElo "1968"]
[BlackElo "2110"]
[PlyCount "49"]
[EventDate "2018.10.21"]
[EventType "team-tourn"]
[EventCountry "GER"]
[WhiteTeam "Hoyerswerda FVS ASP"]
[BlackTeam "Loeberitz SG"]
[WhiteTeamCountry "GER"]
[BlackTeamCountry "GER"]

1. e4 c5 2. Nc3 Nc6 3. f4 d6 4. Nf3 g6 5. Bb5 Bg7 6. Bxc6+ bxc6 7. O-O e6 8. d3
Ne7 9. Qe1 O-O 10. Kh1 a5 11. Na4 Ba6 12. c4 Nc8 13. Bd2 Qe7 14. Rb1 Qa7 15. b3
Bb7 16. Qh4 Nb6 17. Nxb6 Qxb6 18. f5 exf5 19. exf5 f6 20. fxg6 hxg6 21. Qe4 Kh7
22. Qh4+ Kg8 23. Qe4 Kh7 24. Qh4+ Kg8 25. Qe4 1/2-1/2

[Event "Oberliga Ost A 2018 2019"]
[Site "?"]
[Date "2018.11.10"]
[Round "2.8"]
[White "Boehm, Christian"]
[Black "Heyme, Sibylle"]
[Result "1-0"]
[WhiteElo "2072"]
[BlackElo "2052"]
[PlyCount "59"]
[EventDate "2018.10.21"]
[EventType "team-tourn"]
[EventCountry "GER"]
[WhiteTeam "Loeberitz SG"]
[BlackTeam "Hoyerswerda FVS ASP"]
[WhiteTeamCountry "GER"]
[BlackTeamCountry "GER"]

1. e4 d6 2. d4 Nf6 3. Nc3 g6 4. Nf3 Bg7 5. Be2 O-O 6. O-O Nbd7 7. Bf4 c5 8. d5
a6 9. a4 b6 10. Nd2 Rb8 11. Nc4 Ne8 12. Qd2 Nc7 13. Bh6 Qe8 14. Bxg7 Kxg7 15.
f4 b5 16. axb5 axb5 17. Na5 b4 18. Nd1 Nf6 19. Nf2 e6 20. Nc4 Nb5 21. dxe6 Qxe6
22. e5 dxe5 23. fxe5 Nd7 24. Ng4 f5 25. exf6+ Nxf6 26. Qh6+ Kg8 27. Qxf8+ Kxf8
28. Rxf6+ Ke7 29. Rxe6+ Bxe6 30. Nge5 1-0

[Event "Oberliga Ost A 2018 2019"]
[Site "?"]
[Date "2018.11.10"]
[Round "2.1"]
[White "Mueller, Frank"]
[Black "Natsidis, Christoph"]
[Result "1/2-1/2"]
[WhiteElo "2249"]
[BlackElo "2315"]
[PlyCount "22"]
[EventDate "2018.10.21"]
[EventType "team-tourn"]
[EventCountry "GER"]
[WhiteTeam "Leipzig VfB Schach"]
[BlackTeam "Leipzig SG"]
[WhiteTeamCountry "GER"]
[BlackTeamCountry "GER"]

1. d4 Nf6 2. Bf4 g6 3. Nf3 Bg7 4. e3 O-O 5. Nbd2 c5 6. c3 d6 7. h3 b6 8. a4 a6
9. Bd3 Bb7 10. O-O Nbd7 11. Bh2 Rc8 1/2-1/2